书目信息 |
| 题名: |
张量算法简明教程
|
|
| 作者: | 吕盘明 编著 | |
| 分册: | ||
| 出版信息: | 合肥 中国科技大学出版社 2004 |
|
| 页数: | 204页 | |
| 开本: | 21cm | |
| 丛书名: | ||
| 单 册: | ||
| 中图分类: | O183.2 | |
| 科图分类: | ||
| 主题词: | 张量分析 | |
| 电子资源: | ||
| ISBN: | 7-312-01670-7 | |
| 000 | 00877nam0 2200253 45 | |
| 001 | 0900000010612 | |
| 005 | 20051116092753.45 | |
| 010 | @a7-312-01670-7@dCNY11.50 | |
| 092 | @aCN | |
| 100 | @a20040905d2004 ekmy0chiy0120 ea | |
| 101 | 0 | @achi |
| 102 | @aCN@b340000 | |
| 105 | @aa az 000yy | |
| 200 | 1 | @a张量算法简明教程@9zhang liang suan fa jian ming jiao cheng@f吕盘明编著@Flu pan ming bian zhu |
| 210 | @a合肥@c中国科技大学出版社@d2004 | |
| 215 | @a204页@c图@d21cm | |
| 300 | @a中国科学技术大学规划教材 | |
| 320 | @a有书目 | |
| 330 | @a本书内容包括笛卡尔张量、张量的普遍定义、张量的代数运算和微分运算、任意曲线坐标系、任意曲线网络的自由生成,另外还有二阶对称张量的几何意义,以及各向同性张量和曲率张量的知识等等。 | |
| 606 | 0 | @a张量分析 |
| 690 | @aO183.2@v4 | |
| 701 | 0 | @a吕盘明@Alu pan ming@4编著 |
| 801 | 0 | @aCN@bTSSF@c20051116 |
| 905 | @a10447@dO183.2@e3 | |
| 张量算法简明教程/吕盘明编著.-合肥:中国科技大学出版社,2004 |
| 204页:图;21cm |
| 中国科学技术大学规划教材 |
| ISBN 7-312-01670-7:CNY11.50 |
| 本书内容包括笛卡尔张量、张量的普遍定义、张量的代数运算和微分运算、任意曲线坐标系、任意曲线网络的自由生成,另外还有二阶对称张量的几何意义,以及各向同性张量和曲率张量的知识等等。 |
| ● |
| 相关链接 |
|
|
|
|
正题名:张量算法简明教程
索取号:O183.2/3
 
预约/预借
| 序号 | 登录号 | 条形码 | 馆藏地/架位号 | 状态 | 备注 |
| 1 | 0367585 | 203675852 | 第二样本阅览室/ [索取号:O183.2/3] | 在馆 | |
| 2 | 0367586 | 203675861 | 第三借阅区/ [索取号:O183.2/3] | 在馆 | |
| 3 | 0367587 | 203675870 | 第三借阅区/ [索取号:O183.2/3] | 在馆 | |
| 4 | 0368073 | 203680739 | 第三借阅区/ [索取号:O183.2/3] |
已借出,限还日期为2015.12.08 借出人:黄凯云 |
|
| 5 | 0368074 | 203680748 | 第三借阅区/ [索取号:O183.2/3] | 在馆 | |
| 6 | 0368075 | 203680757 | 第三借阅区/ [索取号:O183.2/3] | 在馆 |